[Event "Challenge"]
[Site "http://www.queenalice.com/game.php?id=685880"]
[Date "2009.11.19"]
[Round "-"]
[White "neofito"]
[Black "schuk"]
[Result "1-0"]
[WhiteElo "1711"]
[BlackElo "1613"]

1. e4 e5 2. Nf3 d6 3. d4 Nc6 4. Bc4 Bg4 5. O-O Qf6 6. h3 Bxf3 7. Qxf3 Nxd4 8.
Qd3 Ne7 9. Nc3 Nec6 10. Nd5 Qd8 11. c3 Ne6 12. f4 Nxf4 13. Nxf4 exf4 14. Rxf4
Ne5 15. Qd4 c5 16. Qd5 b6 17. Bb5+ Ke7 18. Bc4 g6 19. Rxf7+ Ke8 20. Bb5+ Nd7 21.
Bxd7+ Qxd7 22. Rxd7 Kxd7 23. Qxa8 a5 24. Qb7+ Ke6 25. Qxb6 Ke5 26. Qxa5 Kxe4 27.
a4 Be7 28. b4 Kd3 29. b5 Bf6 30. Ra3 Bd8 31. c4+ Kxc4 32. Qc3+ Kd5 33. Qxh8 1-0

[Event "IDAHO III"]
[Site "http://www.queenalice.com/game.php?id=687396"]
[Date "2009.11.22"]
[Round "-"]
[White "perucona"]
[Black "schuk"]
[Result "0-1"]
[WhiteElo "1548"]
[BlackElo "1579"]

1. e4 e5 2. d4 exd4 3. Qxd4 Nc6 4. Qd5 Nb4 5. Qd2 Qe7 6. Qe2 Qc5 7. c3 Na6 8.
Be3 Qa5 9. b4 Qa4 10. Nd2 Qc2 11. Qf3 Qxc3 12. Rd1 Nxb4 13. a3 Nc2+ 14. Ke2 b6
15. Bg5 Nd4+ 16. Ke1 Qc2 17. Bd3 Nxf3+ 18. gxf3 Bxa3 19. Bxc2 Bb4 20. Rb1 Ba5
21. Nh3 f6 22. Be3 d6 23. Kd1 Bxh3 24. Rg1 O-O-O 25. Rg3 Bd7 26. Nb3 Ne7 27.
Nxa5 bxa5 28. Bxa7 Nc6 29. Be3 h5 30. Rxg7 a4 31. Bxa4 Rdg8 32. Bxc6 Rxg7 33.
Bxd7+ Kxd7 34. Bd4 Rg1+ 35. Kc2 Rg2 36. h4 Ke6 37. Rf1 Rf8 38. f4 f5 39. e5 Kd5
40. Be3 Ke4 41. Ba7 Kxf4 42. e6 Ra8 43. Be3+ Kf3 44. Bg5 Ra2+ 45. Kb3 Raxf2 46.
Rc1 f4 47. e7 Re2 48. Rc4 Re3+ 49. Kb4 Rb2+ 50. Ka5 Rb8 51. Ka6 Ra3+ 52. Ra4
Rxa4# 0-1

[Event "Challenge"]
[Site "http://www.queenalice.com/game.php?id=688164"]
[Date "2009.11.24"]
[Round "-"]
[White "Andrei_78"]
[Black "schuk"]
[Result "1-0"]
[WhiteElo "1710"]
[BlackElo "1617"]

1. e4 e5 2. d3 d6 3. Nc3 Nf6 4. h3 Nc6 5. Nf3 Be6 6. a3 Nd4 7. Nxd4 exd4 8. Ne2
c5 9. Bg5 h6 10. Bf4 Qb6 11. b3 O-O-O 12. Ng3 g5 13. Bd2 d5 14. Be2 Bd6 15. O-O
Bxg3 16. fxg3 dxe4 17. Rxf6 e3 18. Be1 Kd7 19. Bg4 Ke7 20. Qf3 h5 21. Bxe6 Rd6
22. Rxf7+ Ke8 23. Bc4 Rf8 24. Rxf8+ Kd7 25. Qf7+ Kc6 26. Qe8+ Rd7 27. Qe6+ Kc7
28. Qe5+ Qd6 29. Qxd6+ Kxd6 30. Rf6+ Ke7 31. Rf7+ Kd6 32. Rxd7+ Kxd7 33. Kf1 Kc6
34. Ba5 b6 35. Be1 b5 36. Bf7 a6 37. Bxh5 Kd5 38. Bf3+ Ke5 39. Bb7 a5 40. Ba6 a4
41. Bxb5 axb3 42. cxb3 Kf5 43. Ke2 g4 44. hxg4+ Kxg4 45. Rc1 c4 46. bxc4 Kg5 47.
c5 1-0

[Event "Challenge"]
[Site "http://www.queenalice.com/game.php?id=688953"]
[Date "2009.11.26"]
[Round "-"]
[White "arkadiusz42"]
[Black "schuk"]
[Result "1-0"]
[WhiteElo "1582"]
[BlackElo "1623"]

1. e4 e5 2. Qh5 Bc5 3. Qxe5+ Qe7 4. Qxc7 Qxe4+ 5. Kd1 Be7 6. Qxc8+ Bd8 7. Bb5
Qd4 8. Qxb7 Bh4 9. Nf3 Qg4 10. Qxa8 Qxg2 11. Qxb8+ Ke7 12. Re1+ Kf6 13. Qf4+ Kg6
14. Nxh4+ Kh5 15. Nxg2 g5 16. Qxf7+ Kg4 17. Re4+ Kh3 18. Qf3+ Kxh2 19. Qg3+ Kg1
20. Re1# 1-0

[Event "Challenge"]
[Site "http://www.queenalice.com/game.php?id=696491"]
[Date "2009.12.11"]
[Round "-"]
[White "schuk"]
[Black "Vladimir"]
[Result "1-0"]
[WhiteElo "1595"]
[BlackElo "1754"]

1. d4 d5 2. c3 c5 3. Bf4 Nc6 4. Qa4 c4 5. Na3 a6 6. e3 b5 7. Nxb5 e5 8. Bxe5 Bd7
9. Nc7+ Ke7 10. Nxa8 Qxa8 11. Bg3 Nxd4 12. Qd1 Ne6 13. f4 g6 14. Qf3 Bg7 15.
Bxc4 Bc6 16. Bb3 Nf6 17. Ne2 Re8 18. Bh4 Kf8 19. Rd1 Ne4 20. Nd4 Nxd4 21. Rxd4
Bxd4 22. cxd4 a5 23. Bc2 a4 24. Qe2 a3 25. b3 Qa5+ 26. Kf1 Rc8 27. Be1 Qb6 28.
Bd3 Bb7 29. Bxe4 dxe4 30. Kf2 Ba6 31. Qd2 Bd3 32. Qb4+ Qxb4 33. Bxb4+ Kg8 34.
Bxa3 Rc2+ 35. Kg3 Rxa2 36. Bc5 Re2 37. d5 Bb5 38. Rd1 Rb2 39. d6 Rxb3 40. d7
Bxd7 41. Rxd7 Kg7 42. Re7 Rc3 43. Bd4+ 1-0

[Event "Challenge"]
[Site "http://www.queenalice.com/game.php?id=709440"]
[Date "2010.1.6"]
[Round "-"]
[White "schuk"]
[Black "digger"]
[Result "1-0"]
[WhiteElo "1592"]
[BlackElo "1600"]

1. e4 e5 2. Qh5 Qf6 3. Bc4 g6 4. Qg4 h5 5. Qh3 Nc6 6. d3 Nd4 7. Kd1 Qxf2 8. Nc3
Nxc2 9. Qf3 Qxf3+ 10. Nxf3 d6 11. Kxc2 Be6 12. Nb5 Kd7 13. Ng5 Bxc4 14. dxc4 c6
15. Nxf7 Rh7 16. Ng5 Rg7 17. Na3 Be7 18. Be3 b6 19. Rad1 Rf8 20. h4 Nf6 21. c5
bxc5 22. Bxc5 Ra8 23. Nf3 Kc8 24. Bxd6 Bd8 25. Nxe5 Nxe4 26. Rdf1 Ng3 27. Nxc6
Nxh1 28. Rxh1 Kd7 29. Be5 Rf7 30. Nxd8 Kxd8 31. Nb5 Rf2+ 32. Kd3 Rxg2 33. Rd1
Ke7 34. Bd4 a6 35. Nc7 Rd8 36. Ke3 Rg3+ 37. Kf2 Rg4 38. Bc5+ Kf7 39. Rxd8 Rxh4
40. Nxa6 Rf4+ 41. Ke3 Ra4 42. Nb4 h4 43. Rd7+ Ke8 44. Ra7 Rxa7 45. Bxa7 h3 46.
Kf2 g5 47. Kg3 g4 48. Nd3 Kf7 49. Nf2 Ke7 50. Nxg4 Kd7 51. b4 Kc6 52. Ne3 Kb7
53. Bd4 Kc6 54. a4 Kd6 55. b5 Kc7 56. Nc4 h2 57. Kxh2 Kb7 58. b6 Kc8 59. Be5 Kb7
60. a5 Kc6 61. a6 Kc5 62. b7 Kxc4 63. b8=Q Kd5 64. Qd6+ Kc4 65. a7 Kb5 66. a8=Q
Kc4 67. Qa4# 1-0

[Event "Challenge"]
[Site "http://www.queenalice.com/game.php?id=709457"]
[Date "2010.1.6"]
[Round "-"]
[White "spin"]
[Black "schuk"]
[Result "1-0"]
[WhiteElo "1627"]
[BlackElo "1594"]

1. g3 e5 2. Bg2 c6 3. d4 Qa5+ 4. Bd2 Qb6 5. dxe5 Qxb2 6. Bc3 Bb4 7. Kd2 Qxa1 8.
Bxb4 Qxa2 9. Ke1 a5 10. Bc3 Qd5 11. Bxd5 cxd5 12. Qxd5 Ne7 13. Qe4 Nbc6 14. e6
d5 15. exf7+ Kxf7 16. Qf4+ Bf5 17. g4 d4 18. Bb2 Rhd8 19. gxf5 Nd5 20. Qh4 Kg8
21. Bxd4 Nce7 22. Nf3 Nxf5 23. Qg5 g6 24. Ba7 h6 25. Qxg6+ Ng7 26. Bc5 Rdc8 27.
Bd6 Re8 28. Qxh6 Re6 29. Qg5 Rxd6 30. Qe5 Rb6 31. Qxd5+ Ne6 32. Rg1+ Kf8 33.
Qf5+ Ke7 34. Qh7+ Ke8 35. Rg8+ Nf8 36. Rxf8+ Kxf8 37. Qh8+ Ke7 38. Qxa8 Rxb1+
39. Kd2 Ra1 40. Qxb7+ Kf6 41. Qb2+ 1-0

[Event "Challenge"]
[Site "http://www.queenalice.com/game.php?id=710201"]
[Date "2010.1.8"]
[Round "-"]
[White "TomasJeferson"]
[Black "schuk"]
[Result "0-1"]
[WhiteElo "1320"]
[BlackElo "1604"]

1. e4 Nf6 2. Nc3 d5 3. e5 Ne4 4. d3 Nxc3 5. bxc3 c6 6. d4 e6 7. Nf3 Qa5 8. Qd3
b6 9. Be2 Ba6 10. Qd2 Bxe2 11. Kxe2 Ba3 12. Bxa3 Qxa3 13. h4 Na6 14. g4 h5 15.
Qg5 hxg4 16. Nh2 Qxc3 17. Rac1 Qxd4 0-1

[Event "Challenge"]
[Site "http://www.queenalice.com/game.php?id=710202"]
[Date "2010.1.8"]
[Round "-"]
[White "schuk"]
[Black "TomasJeferson"]
[Result "1-0"]
[WhiteElo "1609"]
[BlackElo "1315"]

1. e4 d5 2. d3 d4 3. b3 e5 4. Nf3 Bg4 5. h3 Be6 6. Nxe5 Bd6 7. Qh5 g6 8. Qg5 f6
9. Qh4 Bxe5 10. f4 Bd6 11. Nd2 Nd7 12. Nc4 Qe7 13. Bb2 f5 14. Nxd6+ cxd6 15. g3
Ngf6 16. Bxd4 1-0

[Event "Challenge"]
[Site "http://www.queenalice.com/game.php?id=722446"]
[Date "2010.1.29"]
[Round "-"]
[White "babycrocket"]
[Black "schuk"]
[Result "1-0"]
[WhiteElo "1780"]
[BlackElo "1601"]

1. e4 e5 2. Nf3 Qf6 3. d3 Nc6 4. Be3 d6 5. g3 Bg4 6. Bg2 g6 7. O-O Bh6 8. Nbd2
Bxe3 9. fxe3 Nh6 10. c3 O-O-O 11. d4 exd4 12. exd4 Bxf3 13. Bxf3 Qg5 14. Bg2
Rhf8 15. Nf3 Qe3+ 16. Kh1 Qxe4 17. Ne5 Qf5 18. Rxf5 Nxf5 19. Nxc6 bxc6 20. Bxc6
Ne7 21. Bg2 Rfe8 22. Qf3 d5 23. Qxf7 h5 24. Re1 Kd7 25. Bxd5 Rf8 26. Rxe7+ Kd6
27. Qe6# 1-0

[Event "Challenge"]
[Site "http://www.queenalice.com/game.php?id=729155"]
[Date "2010.2.10"]
[Round "-"]
[White "schuk"]
[Black "babycrocket"]
[Result "0-1"]
[WhiteElo "1608"]
[BlackElo "1686"]

1. d4 d5 2. c3 e6 3. g3 c5 4. Nf3 Nc6 5. Qa4 Bd6 6. dxc5 Bxc5 7. Ne5 Qb6 8. e3
Nf6 9. Bb5 Bd7 10. Nxd7 Nxd7 11. b4 Be7 12. O-O O-O 13. Rd1 Rac8 14. c4 Rfd8 15.
cxd5 exd5 16. Rxd5 Bf6 17. Nc3 Bxc3 18. Rb1 g6 19. Qc2 Bf6 20. a3 Ne7 21. Rd6
Rxc2 22. Rxb6 Nxb6 23. Kg2 Rd1 24. Bf1 Rcxc1 25. Rxc1 Rxc1 0-1

[Event "BM"]
[Site "http://www.queenalice.com/game.php?id=732600"]
[Date "2010.2.16"]
[Round "-"]
[White "digger"]
[Black "schuk"]
[Result "1-0"]
[WhiteElo "1601"]
[BlackElo "1595"]

1. e4 e5 2. c4 Nc6 3. d3 Nd4 4. Be3 Bc5 5. Na3 Nh6 6. Qh5 Bxa3 7. Qxe5+ Ne6 8.
bxa3 f6 9. Qh5+ Nf7 10. d4 g6 11. Qf3 c6 12. Bd3 Qa5+ 13. Bd2 Qxa3 14. d5 Nd4
15. Qe3 c5 16. Ne2 Ne5 17. Nxd4 Nxd3+ 18. Ke2 cxd4 19. Qxd3 Qc5 20. Rhb1 b6 21.
Bb4 Qc7 22. Qxd4 Ba6 23. Rc1 Rc8 24. Ke1 Bxc4 25. Qxf6 Rg8 26. Qe7# 1-0

[Event "Challenge"]
[Site "http://www.queenalice.com/game.php?id=736759"]
[Date "2010.2.23"]
[Round "-"]
[White "schuk"]
[Black "arkadiusz42"]
[Result "1-0"]
[WhiteElo "1572"]
[BlackElo "1587"]

1. e4 e5 2. b3 Nf6 3. Nc3 c6 4. Nh3 d5 5. g4 Bxg4 6. f3 Bh5 7. Be2 dxe4 8. fxe4
Qd7 9. Bxh5 Qxh3 10. Be2 Qg2 11. Bf3 Qh3 12. d3 Bb4 13. Bb2 Qh4+ 14. Kd2 Qf2+
15. Qe2 Qd4 16. a3 Bc5 17. Na4 Qd6 18. b4 Bb6 19. Rhg1 Bxg1 20. Rxg1 Rg8 21. Rg5
h6 22. Rxe5+ Kf8 23. Bd4 Nbd7 24. c3 Nxe5 25. Bc5 Nc4+ 26. Kc1 Rd8 27. Bxd6+
Nxd6 28. e5 Re8 29. d4 Nf5 30. Be4 Nh4 31. exf6 gxf6 32. Qe3 Ng6 33. Qxh6+ Rg7
34. Nc5 b6 35. Nd7+ Ke7 36. Qxg7 Kxd7 37. Qxf7+ Ne7 38. Qxf6 Rc8 39. h4 Rg8 40.
h5 a5 41. h6 Rg1+ 42. Kb2 Ng8 43. Qf2 Rh1 44. Bxh1 Nxh6 45. Qh2 Nf5 46. Qh3 Ke6
47. Bxc6 Kf6 48. d5 Ke5 49. Qd3 Kf6 50. Qf1 Ke5 51. Qd3 Kf4 52. d6 Ke5 53. d7
axb4 54. d8=Q 1-0

[Event "Challenge"]
[Site "http://www.queenalice.com/game.php?id=736798"]
[Date "2010.2.24"]
[Round "-"]
[White "Wettkampf"]
[Black "schuk"]
[Result "0-1"]
[WhiteElo "1459"]
[BlackElo "1579"]

1. e4 e5 2. Qh5 Qf6 3. Nf3 Nc6 4. Bb5 g6 5. Qh4 Bg7 6. Bxc6 dxc6 7. d3 Nh6 8.
Bxh6 Qxh4 9. Nxh4 Bxh6 10. O-O g5 11. Nf5 Bxf5 12. exf5 O-O-O 13. f6 Rd6 14. Re1
Re8 15. Nd2 Rxf6 16. Ne4 Rg6 17. Rad1 f5 18. Nc5 Bf8 19. d4 Rd6 20. dxe5 Rxe5
21. Rxe5 Rxd1+ 22. Re1 Rxe1# 0-1

[Event "Brühl"]
[Site "http://www.queenalice.com/game.php?id=738719"]
[Date "2010.2.27"]
[Round "-"]
[White "digger"]
[Black "schuk"]
[Result "1-0"]
[WhiteElo "1538"]
[BlackElo "1590"]

1. e4 d5 2. e5 Nc6 3. d4 e6 4. Bb5 a6 5. Bxc6+ bxc6 6. Be3 Qh4 7. Qf3 g5 8. g3
Qe4 9. Qxe4 dxe4 10. Bxg5 Rb8 11. b3 Bh6 12. Bxh6 Nxh6 13. h3 Nf5 14. Nc3 Nxd4
15. O-O-O Rb4 16. Nxe4 Ne2+ 17. Nxe2 Rxe4 18. Nd4 Bb7 19. f4 c5 20. Nf3 Re3 21.
Rd2 Rxf3 22. Rhd1 Bd5 23. c4 Rxg3 24. cxd5 exd5 25. Rxd5 Rhg8 26. h4 Ke7 27.
Rd7+ Ke6 28. Rxc7 R8g4 29. Rd6+ Kf5 30. Rxf7+ Ke4 31. Rxh7 Rxf4 32. e6 Rf6 33.
Rxa6 Rf2 34. Rd6 Ke5 35. Rd1 Kxe6 36. Kb1 Rff3 37. Rc7 Rc3 38. h5 Rh3 39. Rc6+
Kf7 40. h6 Rce3 41. Rd2 Re7 42. Rxc5 Rxh6 43. Rf2+ Kg7 44. Rg2+ Kh7 45. a4 Rb6
46. Rh5+ Rh6 47. Rxh6+ Kxh6 48. Ka2 Re5 49. Ka3 Kh5 50. Kb4 Kh4 51. a5 Kh3 52.
Rg8 Re6 53. Rb8 Kg4 54. Kc5 Kf5 55. Rb5 Ke5 56. Rb6 Rxb6 57. Kxb6 Kd5 58. a6 Kd6
59. Kb7 Kc5 60. a7 Kb4 61. a8=Q Kxb3 62. Qc8 Kb4 63. Kb6 Kb3 64. Kb5 Kb2 65. Kb4
Ka2 66. Qa6+ Kb1 67. Qe2 Kc1 68. Kb3 1-0

[Event "Challenge"]
[Site "http://www.queenalice.com/game.php?id=754658"]
[Date "2010.4.1"]
[Round "-"]
[White "schuk"]
[Black "Aguinaldo"]
[Result "1-0"]
[WhiteElo "1589"]
[BlackElo "1540"]

1. e4 e5 2. b3 d6 3. Nc3 Nf6 4. d3 Be7 5. Qf3 Bg4 6. Qg3 c6 7. h3 Be6 8. Qxg7
Rg8 9. Qh6 Bf8 10. Qe3 Na6 11. Ba3 Qd7 12. g4 c5 13. g5 Nh5 14. Be2 Nf4 15. Kd2
Rxg5 16. Nf3 Rh5 17. Rag1 Bxh3 18. Nd5 Nxd5 19. exd5 Bh6 20. Rg8+ Ke7 21. Rxa8
Bxe3+ 22. fxe3 Bg4 23. Rxh5 Bxh5 24. Rxa7 Bxf3 25. Bxf3 Qc8 26. d4 exd4 27. exd4
Qb8 28. Rxa6 bxa6 29. dxc5 dxc5 30. Bxc5+ Kf6 31. c4 Qh2+ 32. Kc3 Qg3 33. d6
Qxf3+ 34. Kb4 Ke6 35. Ka5 Qc6 36. b4 1-0

[Event "Außem"]
[Site "http://www.queenalice.com/game.php?id=760566"]
[Date "2010.4.13"]
[Round "-"]
[White "digger"]
[Black "schuk"]
[Result "1-0"]
[WhiteElo "1656"]
[BlackElo "1605"]

1. e4 e5 2. d4 exd4 3. Qxd4 c5 4. Qe5+ Qe7 5. Qf4 g6 6. Bc4 Bh6 7. Qc7 Na6 8.
Bxa6 bxa6 9. Bxh6 Qxe4+ 10. Ne2 Nxh6 11. Qxc5 Qxg2 12. Qe5+ Kf8 13. Qxh8+ Ke7
14. Rg1 Qxh2 15. Qd4 Nf5 16. Qe4+ Kd8 17. Qxa8 Qe5 18. c3 Kc7 19. Qxa7+ Bb7 20.
Nd2 Nh4 21. Qd4 Qe6 22. b3 Qf5 23. Qf4+ Qxf4 24. Nxf4 h6 25. O-O-O g5 26. Nh5
Bf3 27. Nxf3 Nxf3 28. Rg3 Nh2 29. Rgd3 g4 30. Rxd7+ Kc8 31. Rxf7 g3 32. Nxg3 Ng4
33. f3 Nf2 34. Rdd7 a5 35. Kb2 h5 36. Nxh5 Nh3 37. Rc7+ Kb8 38. a4 Ng5 39. Rfe7
Nxf3 40. Nf4 Ne5 41. Nd5 1-0

[Event "Challenge"]
[Site "http://www.queenalice.com/game.php?id=789924"]
[Date "2010.6.14"]
[Round "-"]
[White "schuk"]
[Black "cueio"]
[Result "1-0"]
[WhiteElo "1549"]
[BlackElo "1556"]

1. e4 c5 2. Na3 d6 3. d4 cxd4 4. Qxd4 Nc6 5. Qa4 g6 6. Bb5 Bd7 7. Be3 Bg7 8. c3
Nf6 9. Bd4 O-O 10. O-O-O e5 11. Be3 a6 12. Bxc6 Bxc6 13. Qb4 Nxe4 14. f3 Nf6 15.
Rxd6 Qe7 16. Nc4 a5 17. Nxa5 Bd5 18. Bc5 Qc7 19. Rb6 Bh6+ 20. Kc2 Nd7 21. Bxf8
Rxf8 22. Nxb7 Nxb6 23. Na5 Rb8 24. Qh4 Kg7 25. g4 Na4 26. Nb3 Qd7 27. g5 Bxg5
28. Qxg5 Bxf3 29. Nxf3 Rd8 30. Nxe5 Qd5 31. Rf1 Qe4+ 32. Kc1 Re8 33. Nf3 Qd3 34.
Qb5 Qxb5 35. Nfd2 Nc5 36. c4 Nd3+ 37. Kc2 Nb4+ 38. Kb1 Qa4 39. a3 Nd3 40. Kc2
Nc5 41. Rf3 Nxb3 42. Rxb3 Re2 43. Kd3 1-0

[Event "Challenge"]
[Site "http://www.queenalice.com/game.php?id=805811"]
[Date "2010.7.20"]
[Round "-"]
[White "digger"]
[Black "schuk"]
[Result "1-0"]
[WhiteElo "1606"]
[BlackElo "1563"]

1. e4 e5 2. c3 Nf6 3. Qf3 b6 4. d4 d6 5. d5 Bg4 6. Qe3 Na6 7. h3 Bd7 8. Bxa6 b5
9. Bb7 Rb8 10. Qxa7 Nxe4 11. Ba6 Ra8 12. Qb7 Nc5 13. Bg5 f6 14. Qxa8 Qxa8 15. b4
Nxa6 16. Be3 Qxd5 17. f3 Qd3 18. Bd2 Bf5 19. Ne2 e4 20. f4 e3 21. Bc1 Qe4 22.
Rg1 g5 23. fxg5 Qh4+ 24. g3 Qxh3 25. Bxe3 Bd3 26. Nf4 Qf5 27. g4 Qe4 28. Kd2
Bxb1 29. Raxb1 fxg5 30. Nh5 Bg7 31. Nxg7+ Kf8 32. Nf5 Qd5+ 33. Bd4 Qxa2+ 34. Kc1
Kf7 35. Bxh8 Qf2 36. Bd4 Qf4+ 37. Be3 Qc4 38. Kb2 d5 39. Rgf1 Kg6 40. Ne7+ Kh6
41. Rh1+ Kg7 42. Rhe1 Qxg4 43. Bd4+ Kf8 44. Nxd5 Qg2+ 45. Ka3 Qxd5 46. Re5 Qg2
47. Rxb5 g4 48. Rf5+ Ke7 49. Re1+ Kd7 50. Rf7+ Kc6 51. Rxh7 Qd2 52. Re6+ Kb5 53.
Rh5+ Kc4 54. Rc6+ Kd3 55. Rd5 Ke4 56. Re5+ Kf3 57. Rxa6 g3 58. Rf6+ Kg2 59. Rg6
Qf4 60. Reg5 Qc1+ 61. Ka4 Qa1+ 62. Kb5 c6+ 63. Rxc6 Qb1 64. Rcg6 Qe1 65. Rxg3+
Qxg3 66. Rxg3+ Kxg3 67. c4 Kf4 68. c5 Ke4 69. Bh8 Kd5 70. c6 Kd6 71. Kb6 1-0

[Event "Challenge"]
[Site "http://www.queenalice.com/game.php?id=824850"]
[Date "2010.8.29"]
[Round "-"]
[White "Branca"]
[Black "schuk"]
[Result "1-0"]
[WhiteElo "1288"]
[BlackElo "1591"]

1. d4 c6 2. g3 Qa5+ 3. Bd2 Qd5 4. Nf3 g5 5. Bxg5 f6 6. Be3 Nh6 7. Bg2 d6 8. Nc3
Qa5 9. O-O b5 10. Qd2 Bf5 11. Bxh6 Bxh6 12. Qxh6 Rf8 13. Rac1 b4 14. Nh4 bxc3
15. Nxf5 cxb2 16. Ng7+ Kf7 17. Rcd1 Rg8 18. Qxh7 Rxg7 19. Qh8 d5 20. Bf3 Rg8 21.
Bh5+ Kf8 22. Qh6+ Rg7 23. Rd3 1-0